Flags of Countries that Border Germany in 60 Seconds - Statistics

General Stats
  • This quiz has been taken 16 times
  • The average score is 9 of 9
Answer Stats
Flag Country % Correct
Austria
100%
Belgium
100%
France
100%
Luxembourg
100%
Poland
100%
Switzerland
100%
Denmark
93%
Netherlands
93%
Czech Republic
87%
No matching quizzes found
Score Distribution
Percent of People with Each Score
Percentile by Number Answered
Your Score History
You have not taken this quiz